| RUSMARC |
| 000 | | | 04216nmc2a22002771x 450 | | 001 | | | 387a1551-f3ee-4254-a12f-6074209d42ab | | 005 | | | 20131118234220.0 | | 100 | ## | $a | 20130717l18951901k y0rusy50 ca | | 101 | 0# | $a | rus | | 102 | ## | $a | RU | | 105 | ## | $a | y z ||||| | | 200 | 1# | $a | Никольская Е. С. | | | $j | 14 января 1895 - 31 августа 1901 | | 215 | ## | $a | 116 листов | | | $c | марки, откр. | | 251 | ## | $c | Дело | | 300 | ## | $a | Заголовок дела на папке: Письма Никольской Екатерины Сергеевны мужу Никольскому Борису Владимировичу | | 300 | ## | $a | Лист 10 - рисунок (в нижнем углу). Листы 20, 82 - открытые письма. Листы 43-45 - телеграммы. Листы 46, 47, 50, 51, 64, 65, 73-75, 81, 92, 112 - открытка. Листы 46, 47, 50, 51 (1/2 марки), 64, 65 (2), 73-75, 92, 112 - марка почтовая. Лист 81 - оборвана марка | | 300 | ## | $a | Рукописный текст | | 330 | ## | $a | А. Переписка; IV. Телеграммы от Б. В. Никольского разным лицам | | 461 | #0 | $1 | 0011c5950b4-9b17-43ad-92f1-e565a07ae223 | | | $1 | 2001 | | | $a | Никольский Борис Владимирович, историк права, профессор Юрьевского и Петербургского университетов, один из руководителей главного совета "Русского собрания", поэт, критик | | | $1 | 251 | | | $c | Фонд | | | $1 | 852 | | | $j | 588 | | 462 | #0 | $1 | 001855f2cb0-80f8-42f6-88fa-41bf4837b2b7 | | | $1 | 2001 | | | $a | Никольский Борис Владимирович. 1837-1919 гг. | | | $1 | 251 | | | $c | Опись | | | $1 | 852 | | | $j | 1 | | 517 | ## | $a | Письма Никольской Екатерины Сергеевны мужу Никольскому Борису Владимировичу | | 600 | #1 | $a | Никольский | | | $b | Б. В. | | | $g | Борис Владимирович | | 600 | #1 | $a | Никольская | | | $b | Е. С. | | | $g | Екатерина Сергеевна | | 801 | #0 | $a | RU | | | $b | GA_RF | | 801 | #1 | $a | RU | | | $b | НПО Опыт | | | $c | 20130717 | | | $2 | rusmarc | | 801 | #2 | $a | RU | | | $b | ПБ им. Б.Н. Ельцина | | | $c | 20131118 | | | $g | RCR | | | $2 | rusmarc | | 852 | ## | $a | ГА РФ | | | $j | 1185 | | | $l | б | | 937 | ## | $d | 41774853 | | | $h | ПБ | | 035 | ## | $a | RuPRLIB51008743 |
|